| 000 | 01652cam a22004694i 4500 | ||
|---|---|---|---|
| 003 | PE-LiUPU | ||
| 005 | 20250731173500.0 | ||
| 008 | 150616s1994 miu r 000 0 eng d | ||
| 020 | _a0801063159 | ||
| 035 | _a(Sirsi) i9780801063152 | ||
| 040 |
_aPE-LiUPU _bspa _cPE-LiUPU _erda |
||
| 049 | _aPRUA | ||
| 082 | 0 | 4 |
_a261.8 _bM12 _221 |
| 100 | 1 |
_aMcGlasson, Paul C., _eautor. |
|
| 245 | 1 | 0 |
_aAnother gospel : _ba confrontation with liberation theology / _cPaul C. McGlasson. |
| 264 | 1 |
_aGrand Rapids, Michigan : _bBaker Books, _c1994. |
|
| 300 |
_a94 páginas ; _c21 centímetros |
||
| 336 |
_atext _2rdacontent |
||
| 337 |
_aunmediated _2rdamedia |
||
| 338 |
_avolume _2rdacarrier |
||
| 505 | 0 | _aJesus Christ -- Salvation -- The church -- Holy scripture -- The identity of God -- Faith -- False doctrine. | |
| 526 | _aSEG42 | ||
| 526 | _aSEG41 | ||
| 526 | _aSEG40 | ||
| 526 | _aSEG39 | ||
| 526 | _aP94 | ||
| 526 | _aP87 | ||
| 526 | _aP86 | ||
| 526 | _aP85 | ||
| 526 | _aP77 | ||
| 526 | _aP76 | ||
| 526 | _aP35 | ||
| 650 | 1 | 4 |
_aTeología de la liberación _xLiteratura polémica. |
| 650 | 2 | 4 |
_aTeología doctrinal _zAmérica del Norte _xHistoria _ySiglo XX. |
| 910 |
_ajck _bjvq _cjck |
||
| 942 |
_2ddc _cBOOK |
||
| 949 |
_a261.8 M12 _wDEWEY _c1 _i40274 _lCCODEBUL1 _mBUL _r0 _sY _tBOOK _u2015-6-16 _xTEOLOGIA _zUNKNOWN _0COMPRA _o.STAFF. Colección Teología |
||
| 994 |
_aC0 _bPEPRU |
||
| 596 | _a1 | ||
| 999 |
_a261.8 M12 _wDEWEY _c58075 _i40274 _f2021-11-12 _g5 _lCCODEBUL1 _mBUL _p30.00 _r0 _sY _tBOOK _u2015-6-16 _xTEOLOGIA _PP35 _0COMPRA _o.STAFF. Colección Teología _d58075 |
||
| 980 |
_81 _gALBERTO SANCHEZ Responsable de Automatización |
||